• 首页
  • 本馆介绍
  • 公告通知
  • 最新文献
  • 馆藏检索
  • 电子资源
  • 读者导购
  • 参考咨询
  • 我的图书馆
  • 登录
  • 详细信息显示
  • 放入我的书架
  • 预约/预借图书
  • 作者相关作品
  • 分类相关作品
  • 丛书相关作品
  • 出版社相关作品

书目信息

  • 表格格式
  • 工作单格式
  • 卡片格式
题名:
语文素质教育研究
    
 
作者: 陈学法 主编
分册:   中学卷
出版信息: 大连   大连理工大学出版社  1997
页数: 370页
开本: 20cm
丛书名:
单 册:
中图分类: G633.3
科图分类: 38.6341
主题词: 语文-教学研究--中学 , 教学研究-语文--中学
电子资源:
ISBN: 7-5611-1278-5
000 00705nam0 2200241 45
001 0197025607
005 20070711153218.76
010    @a7-5611-1278-5@dCNY15.00
100    @a19970828d1997 kemy0chiy0121 ea
101 0  @achi
102    @aCN@b210000
105    @ay z 100yy
200 10 @a语文素质教育研究@Ayu wen su zhi jiao yu yan jiu@i中学卷@f陈学法主编
210    @a大连@c大连理工大学出版社@d1997
215    @a370页@d20cm
300    @a全国首届中小学语文素质教育观摩研讨会文集(1996:大连)
606    @a语文-教学研究@x中学
606    @a教学研究-语文@x中学
690    @aG633.3@v3
692    @a38.6341
701  0 @a陈学法@Achen xue fa@4主编
801  0 @aCN@bTSSF@c20070711
905    @a10447@dG633.3@e517
    
    语文素质教育研究.中学卷/陈学法主编.-大连:大连理工大学出版社,1997
    370页;20cm
    全国首届中小学语文素质教育观摩研讨会文集(1996:大连)
    
    ISBN 7-5611-1278-5:CNY15.00
    
●
相关链接 在E读中查询图书 在五车中查询图书 在当当中查询图书 在豆瓣中查询图书


正题名:语文素质教育研究     索取号:G633.3/517         预约/预借

序号 登录号 条形码 馆藏地/架位号 状态 备注
1 0765638   207656384   第一样本阅览室/ [索取号:G633.3/517] 在馆    
2 0768964   207689642   密集书库/ [索取号:G633.3/517] 在馆    
3 0769265   207692656   第四借阅区/ [索取号:G633.3/517] 在馆    
4 0769836   207698366   密集书库/ [索取号:G633.3/517] 在馆    
唐山师范学院图书馆 欢迎您!
大连网信软件有限公司© 版权所有